[Event "52nd Groningen Open"]
[Site "Groningen NED"]
[Date "2014.12.24"]
[Round "4.35"]
[White "Dijkhuis, Tycho"]
[Black "Ebralidze, Alexandre"]
[Result "1-0"]
[WhiteTitle "FM"]
[WhiteElo "2317"]
[BlackElo "2128"]
[WhiteFideId "1036564"]
[BlackFideId "13604660"]
[EventDate "2014.12.21"]

1. e4 c6 2. Nc3 d5 3. Nf3 a6 4. d4 Bg4 5. Bd3 e6 6. h3 Bh5 7. O-O Nf6 8. Re1 Be7
9. b3 Bb4 10. Bd2 Qa5 11. a3 Bxc3 12. b4 Bxb4 13. Bxb4 Qd8 14. e5 Ng8 15. g4 Bg6
16. Bxg6 hxg6 17. Kg2 Ne7 18. Qd2 a5 19. Bd6 Nc8 20. Bxb8 Rxb8 21. Ng5 a4 22. f4
Ne7 23. Qb4 b5 24. h4 Qd7 25. Rh1 Qa7 26. Raf1 c5 27. dxc5 Nc6 28. Qd2 Qxc5 29.
f5 Qd4 30. Qxd4 Nxd4 31. fxg6 fxg6 32. c3 Nc2 33. Rf2 Nxa3 34. Nxe6 Rb7 35. Nf4
g5 36. Ng6 Rg8 37. e6 Rb6 38. Re1 Nc4 39. h5 a3 40. e7 Rf6 41. Rfe2 Ra6 42. Rd1
Rd6 43. Kg3 Kd7 44. Nf8+ Ke8 45. Nh7 Rd7 46. Rde1 d4 47. cxd4 b4 48. h6 Rxd4 49.
hxg7 Rd3+ 50. Kg2 Nd6 51. Rf1 Rxg7 52. Nf6+ Kf7 53. Nh5+ Kg8 54. Rf8+ Kh7 55.
Nxg7 Kxg7 56. Rd8 a2 57. Rxa2 Kf7 58. e8=Q+ 1-0

[Event "52nd Groningen Open"]
[Site "Groningen NED"]
[Date "2014.12.24"]
[Round "4.36"]
[White "Ratsma, Midas"]
[Black "Lomasov, Semen"]
[Result "0-1"]
[WhiteElo "2137"]
[BlackElo "2305"]
[WhiteFideId "1032283"]
[BlackFideId "24164879"]
[EventDate "2014.12.21"]

1. e4 e6 2. d4 d5 3. Nd2 c5 4. exd5 Qxd5 5. Ngf3 cxd4 6. Bc4 Qd6 7. O-O Nf6 8.
Nb3 Nc6 9. Nbxd4 Nxd4 10. Nxd4 Qc7 11. Qe2 Bd7 12. Bg5 h6 13. Bh4 Be7 14. b3 O-O
15. Nf5 exf5 16. Qxe7 Rae8 17. Qb4 g5 18. Qc3 Qc6 19. Bg3 f4 20. Rad1 b5 21.
Rxd7 Qxd7 22. Bd3 Ne4 23. Qb4 Qd6 0-1

[Event "52nd Groningen Open"]
[Site "Groningen NED"]
[Date "2014.12.24"]
[Round "4.37"]
[White "Lewin, Tammo"]
[Black "Maris, Ivo"]
[Result "1/2-1/2"]
[WhiteElo "2131"]
[BlackElo "2232"]
[WhiteFideId "4668596"]
[BlackFideId "1028146"]
[EventDate "2014.12.21"]

1. d4 Nf6 2. c4 c5 3. d5 e6 4. Nc3 exd5 5. cxd5 d6 6. e4 g6 7. f4 Bg7 8. Nf3 O-O
9. Be2 Bg4 10. O-O Bxf3 11. Bxf3 Nbd7 12. a4 a6 13. Re1 Re8 14. Be3 Rb8 15. Qc2
b5 16. axb5 axb5 17. Ra6 b4 18. Nd1 b3 19. Qd3 Rb4 20. Nc3 Qe7 21. Ra7 Ne5 22.
fxe5 Qxa7 23. exf6 Bxf6 24. g3 Ra8 25. Kg2 Be5 26. h4 Qa6 27. Qd2 Qa5 28. Be2
Bxc3 29. Qxc3 Rxe4 30. Qxa5 Rxa5 31. Bd2 Ra1 32. Kf2 Rxe1 33. Bxe1 Rd4 34. Bf3
Rc4 35. Bc3 f5 36. Bd1 Kf7 37. Bxb3 1/2-1/2

[Event "52nd Groningen Open"]
[Site "Groningen NED"]
[Date "2014.12.24"]
[Round "4.38"]
[White "Offringa, Joost"]
[Black "Schoehuijs, Erik"]
[Result "0-1"]
[WhiteElo "2226"]
[BlackElo "2125"]
[WhiteFideId "1025880"]
[BlackFideId "1004425"]
[EventDate "2014.12.21"]

1. c4 e5 2. g3 Nf6 3. Bg2 Nc6 4. Nc3 Bc5 5. Nf3 d6 6. O-O a6 7. d3 h6 8. a3 O-O
9. b4 Ba7 10. Bb2 Bg4 11. h3 Bf5 12. Kh2 Bh7 13. e3 Qd7 14. Rc1 Rab8 15. Qe2
Rfe8 16. Rfd1 Bg6 17. Nd2 Bh5 18. Bf3 Bxf3 19. Qxf3 Nh7 20. Qg2 f5 21. Nd5 Nd8
22. Nf3 c6 23. Nc3 Nf7 24. d4 e4 25. Ne1 d5 26. cxd5 cxd5 27. f4 Nf6 28. Qc2 Nd6
29. Qb3 Qf7 30. b5 Bb6 31. a4 Rec8 32. Ng2 Ba5 33. Ba3 Nc4 34. Na2 Qh5 35. Nh4
Bd2 36. Rxc4 dxc4 37. Qc2 c3 38. Bd6 Ra8 39. b6 Nd5 40. Qb3 Qf7 41. Ng6 Kh7 42.
Ne5 Qh5 43. Rg1 Nxe3 44. Qe6 Re8 45. Be7 Ng4+ 46. Nxg4 fxg4 47. h4 Qg6 0-1

[Event "52nd Groningen Open"]
[Site "Groningen NED"]
[Date "2014.12.24"]
[Round "4.39"]
[White "Ypma, Peter"]
[Black "Keetman, Maaike"]
[Result "1-0"]
[WhiteElo "2223"]
[BlackElo "2074"]
[WhiteFideId "1027255"]
[BlackFideId "1033697"]
[EventDate "2014.12.21"]

1. Nf3 d5 2. g3 Nf6 3. Bg2 c6 4. c4 Bf5 5. cxd5 cxd5 6. Qb3 Qc8 7. Nc3 e6 8. d3
Be7 9. O-O O-O 10. Re1 Nc6 11. e4 dxe4 12. dxe4 Bg6 13. e5 Nd7 14. Be3 Bh5 15.
Nb5 Bxf3 16. Bxf3 Ndxe5 17. Be4 Na5 18. Qa4 Qc4 19. Qxc4 Nexc4 20. Bxa7 Nxb2 21.
Re2 Bf6 22. Rc1 Rfd8 23. Bb6 Rdc8 24. Rxc8+ Rxc8 25. Bxa5 Rc5 26. Rc2 1-0

[Event "52nd Groningen Open"]
[Site "Groningen NED"]
[Date "2014.12.24"]
[Round "4.40"]
[White "Gutkind, Kedem"]
[Black "Minko, Vladimir"]
[Result "1/2-1/2"]
[BlackTitle "FM"]
[WhiteElo "2064"]
[BlackElo "2215"]
[WhiteFideId "1046519"]
[BlackFideId "24146706"]
[EventDate "2014.12.21"]

1. e4 c5 2. Nf3 Nc6 3. Bb5 g6 4. O-O Bg7 5. Bxc6 dxc6 6. Nc3 Nf6 7. d3 Nd7 8.
Be3 e5 9. Qd2 h6 10. Ne1 Qe7 11. f4 exf4 12. Bxf4 g5 13. Bg3 Ne5 14. Nd1 O-O 15.
Ne3 Ng4 16. Nf5 Bxf5 17. Rxf5 Bxb2 18. Rb1 Bd4+ 19. Kh1 Be5 20. Nf3 Bxg3 21.
hxg3 f6 22. Qc3 b6 23. Re1 Rae8 24. Kg1 Qd6 25. e5 fxe5 26. Qc4+ Qe6 27. Qxe6+
Rxe6 28. Nxg5 Rxf5 29. Nxe6 Rf6 30. Re4 Rxe6 31. Rxg4+ Kf7 32. Kf2 Rf6+ 33. Ke2
Rg6 34. Ra4 a5 35. Kf3 Rd6 36. Rh4 Rg6 37. Ke4 Ke6 38. Rh5 c4 39. Rxe5+ Kd6 40.
dxc4 Rg4+ 41. Kf3 Rxc4 42. Rh5 Rxc2 43. Rxh6+ Ke5 44. a4 Rc4 45. g4 Rc3+ 46. Ke2
Kf4 47. Rg6 b5 48. axb5 cxb5 49. g5 Rg3 50. Ra6 a4 51. g6 Ke4 52. Re6+ Kd5 53.
Rb6 Kc4 54. Kf2 Rg5 55. Ra6 Kb4 56. Kf3 a3 57. g4 Kb3 58. Kf4 Rc5 59. Ra8 Rc7
60. Kf5 a2 61. Kf6 Rc4 62. Kf5 Rc5+ 63. Kf6 Rc4 64. Kf5 Rc8 65. Rxc8 a1=Q 66.
Rc7 Qf1+ 67. Kg5 Qf8 68. g7 1/2-1/2

[Event "52nd Groningen Open"]
[Site "Groningen NED"]
[Date "2014.12.24"]
[Round "4.41"]
[White "Rubingh, Otto"]
[Black "Savant, Riya"]
[Result "1/2-1/2"]
[WhiteTitle "FM"]
[BlackTitle "WFM"]
[WhiteElo "2209"]
[BlackElo "2063"]
[WhiteFideId "1002139"]
[BlackFideId "5067359"]
[EventDate "2014.12.21"]

1. d4 d5 2. Nf3 Nf6 3. Bg5 e6 4. Nbd2 Be7 5. e3 Nbd7 6. Bd3 h6 7. Bf4 c5 8. c3
b6 9. h3 Bb7 10. Qb1 O-O 11. a4 a6 12. O-O Nh5 13. Bh2 f5 14. Ne5 Nxe5 15. dxe5
g6 16. Qd1 Qe8 17. Qe2 Ng7 18. b3 Qc6 19. f3 Qd7 20. Rfd1 Rfd8 21. Bg3 g5 22. f4
Qe8 23. Rf1 Qh5 24. Qxh5 Nxh5 25. Be1 d4 26. cxd4 cxd4 27. exd4 Nxf4 28. Bc4 b5
29. axb5 axb5 30. Rxa8 Rxa8 31. Bxb5 Ra2 32. Bc4 Bb4 33. Rf2 Ra1 34. Kf1 Bxg2+
35. Rxg2 Nxg2 36. Kxg2 Rxe1 37. Nf3 Re3 38. Bxe6+ Kf8 39. Bxf5 Rxb3 40. Kf2 Bc3
41. Bg4 Bb2 42. d5 Rxf3+ 43. Kxf3 Bxe5 1/2-1/2

[Event "52nd Groningen Open"]
[Site "Groningen NED"]
[Date "2014.12.24"]
[Round "4.42"]
[White "Gerlagh, Joris"]
[Black "Jarmany, John"]
[Result "1-0"]
[WhiteElo "2193"]
[BlackElo "2023"]
[WhiteFideId "1038834"]
[BlackFideId "415421"]
[EventDate "2014.12.21"]

1. d4 d5 2. c4 c6 3. Nf3 Nf6 4. g3 a6 5. Bg2 b5 6. c5 Nbd7 7. Nc3 e5 8. dxe5 Ng4
9. Nd4 Bb7 10. e4 Ngxe5 11. exd5 Nxc5 12. O-O Qf6 13. dxc6 Nxc6 14. Nxc6 Bxc6
15. Bg5 Qe6 16. Re1 Ne4 17. Bxe4 1-0

[Event "52nd Groningen Open"]
[Site "Groningen NED"]
[Date "2014.12.24"]
[Round "4.43"]
[White "Hummel, Paul"]
[Black "Hulshof, Peter"]
[Result "1-0"]
[WhiteElo "2049"]
[BlackElo "2178"]
[WhiteFideId "1021168"]
[BlackFideId "1003291"]
[EventDate "2014.12.21"]

1. d4 g6 2. c4 Bg7 3. Nf3 d6 4. e4 c6 5. Nc3 Bg4 6. Be2 Bxf3 7. Bxf3 Qb6 8. Be3
Qxb2 9. Rc1 Qb6 10. Qd2 Qc7 11. g4 Nd7 12. Be2 h6 13. f4 Rd8 14. O-O Ngf6 15. e5
dxe5 16. fxe5 Nxe5 17. Bf4 Ng8 18. Qe3 Nxg4 19. Qg3 Bxd4+ 20. Kh1 Ne5 21. Rcd1
Bxc3 22. Rxd8+ Qxd8 23. Qxc3 f6 24. Bxe5 Kf8 25. Rd1 Qc8 26. Bg3 Kg7 27. Qe3 h5
28. c5 h4 29. Bf2 Qc7 30. Bc4 Nh6 31. Be6 Rd8 32. Rxd8 Qxd8 33. Bxh4 Qd1+ 34.
Kg2 Qc2+ 35. Bf2 Qb2 36. Qd4 Qb1 37. Qe3 Qb2 38. h4 Qb1 39. Qf4 b6 40. Be3 Nf7
41. Bxf7 Kxf7 42. Qc4+ e6 43. Qa4 Kg8 44. cxb6 axb6 45. Qa8+ Kf7 46. Qb7+ Kg8
47. Qc8+ Kg7 48. Qd7+ Kh8 49. Qe8+ 1-0

[Event "52nd Groningen Open"]
[Site "Groningen NED"]
[Date "2014.12.24"]
[Round "4.44"]
[White "Dehn, Marcus"]
[Black "Sandvik, Thomas"]
[Result "1-0"]
[WhiteElo "2169"]
[BlackElo "2060"]
[WhiteFideId "4667093"]
[BlackFideId "503231"]
[EventDate "2014.12.21"]

1. d4 Nf6 2. Nf3 c5 3. d5 b5 4. a4 Bb7 5. axb5 Bxd5 6. Nc3 Bxf3 7. exf3 d5 8. b6
Qxb6 9. Nxd5 Qe6+ 10. Ne3 Qc6 11. Be2 e6 12. O-O Be7 13. c3 Nbd7 14. f4 Qc7 15.
Bf3 Rb8 16. Qa4 Bd6 17. g3 O-O 18. Qxa7 Nb6 19. Qxc7 Bxc7 20. Ra7 Bd6 21. Rd1
Rfd8 22. c4 Bf8 23. Rxd8 Rxd8 24. Kf1 Ne8 25. Ra6 Nc8 26. f5 Nc7 27. Ra5 Nb6 28.
Ra7 Bd6 29. b3 Be5 30. Ba3 Rd3 31. Rb7 Nd7 32. Ke2 Rc3 33. Bb2 Rxe3+ 34. fxe3 1-0

[Event "52nd Groningen Open"]
[Site "Groningen NED"]
[Date "2014.12.24"]
[Round "4.45"]
[White "Veltman, Anne"]
[Black "Chen, Yibo"]
[Result "0-1"]
[WhiteElo "2012"]
[BlackElo "2156"]
[WhiteFideId "1026917"]
[BlackFideId "8605815"]
[EventDate "2014.12.21"]

1. e4 c5 2. Nf3 d6 3. d4 cxd4 4. Nxd4 Nf6 5. Nc3 a6 6. Bg5 e6 7. f4 Be7 8. Qf3
Qc7 9. O-O-O Nbd7 10. g4 b5 11. Bxf6 Nxf6 12. g5 Nd7 13. f5 Bxg5+ 14. Kb1 Nc5
15. Bxb5+ axb5 16. Ndxb5 Qe7 17. Nxd6+ Kf8 18. h4 Bxh4 19. Nxf7 Qxf7 20. Rxh4
Bb7 21. Qe3 Qe7 22. Rh5 e5 23. Rg1 Nd7 24. Rhg5 Rg8 25. Nd5 Bxd5 26. exd5 Nf6
27. c4 Qa7 28. Qb3 Ne4 29. Qb4+ Kf7 30. R5g2 Qxa2+ 31. Kc2 Qa4+ 32. Qxa4 Rxa4
33. Kb3 Nc5+ 34. Kc3 Ne4+ 35. Kb3 Nc5+ 36. Kc3 Ra2 37. Rh2 Rb8 38. Rb1 Na4+ 39.
Kd3 Raxb2 40. Rbxb2 Nxb2+ 41. Kc3 Na4+ 42. Kd3 Nc5+ 43. Kc2 h6 44. Rg2 Rb4 45.
Kc3 Rb3+ 46. Kc2 Rb6 47. Kc3 Na4+ 48. Kd3 Kf6 49. Rg6+ Kxf5 50. Rxg7 Nc5+ 51.
Kc2 Ke4 52. Rg4+ Kf3 53. Rg7 Ke3 54. Rg4 e4 55. Kc3 Na4+ 56. Kc2 Rb2+ 57. Kc1
Rb4 58. Kc2 Rxc4+ 59. Kb3 Rd4 60. Rg6 Nc5+ 61. Kc3 Rxd5 62. Rxh6 Nd3 63. Rh3+
Ke2 64. Kc4 Rd8 65. Rh4 e3 66. Kc3 Nf2 67. Ra4 Kf1 68. Ra1+ Rd1 0-1

[Event "52nd Groningen Open"]
[Site "Groningen NED"]
[Date "2014.12.24"]
[Round "4.46"]
[White "Stegariu, Alexandru"]
[Black "Benson, Oisin P."]
[Result "1-0"]
[WhiteElo "2156"]
[BlackElo "2010"]
[WhiteFideId "1218042"]
[BlackFideId "2501821"]
[EventDate "2014.12.21"]

1. c4 Nf6 2. Nc3 g6 3. d4 Bg7 4. e4 d6 5. Nf3 O-O 6. Be2 e5 7. O-O Nc6 8. d5 Ne7
9. Ne1 Nd7 10. Nd3 f5 11. f3 f4 12. Bd2 g5 13. Rc1 Rf6 14. b4 Rh6 15. c5 Qe8 16.
cxd6 cxd6 17. Nf2 Nf6 18. Ng4 Bxg4 19. fxg4 Qg6 20. Bf3 Kh8 21. Qe2 Re8 22. Nb5
Nc8 23. Nc7 Rg8 24. a4 Bf8 25. a5 Rh4 26. Be1 h5 27. Bxh4 hxg4 28. Bxg4 gxh4 29.
Bf5 Qh7 30. Bxc8 h3 31. Qf3 hxg2 32. Rf2 Rg3 33. Qd1 f3 34. Rc4 Qh5 35. Bf5 Bh6
36. Rc3 Bf4 37. Ne6 Ng4 38. Rc8+ 1-0

[Event "52nd Groningen Open"]
[Site "Groningen NED"]
[Date "2014.12.24"]
[Round "4.47"]
[White "Bar, Aviv"]
[Black "Nguyen, Kevin"]
[Result "1/2-1/2"]
[WhiteElo "2142"]
[BlackElo "1986"]
[WhiteFideId "2806339"]
[BlackFideId "1046349"]
[EventDate "2014.12.21"]

1. d4 Nf6 2. c4 g6 3. Nc3 Bg7 4. e4 d6 5. Nf3 O-O 6. Be2 e5 7. Be3 Qe8 8. dxe5
Ng4 9. Bf4 dxe5 10. Bd2 Nc6 11. h3 Nf6 12. Be3 Qd8 13. O-O Be6 14. Ng5 Bd7 15.
c5 h6 16. Nf3 Be6 17. Qa4 Qe7 18. Bb5 Bd7 19. Nd5 Nxd5 20. exd5 a6 21. Bc4 Nd4
22. Qd1 Qxc5 23. Rc1 Nxf3+ 24. Qxf3 Qd6 25. Bb3 b6 26. Rfd1 Rae8 27. Qe2 Bb5 28.
Qc2 Re7 29. a4 Be8 30. a5 Bb5 31. Qd2 Kh7 32. Bc4 Bd7 33. axb6 cxb6 34. Bxa6 f5
35. f3 f4 36. Bf2 e4 37. Qe2 exf3 38. Qxf3 1/2-1/2

[Event "52nd Groningen Open"]
[Site "Groningen NED"]
[Date "2014.12.24"]
[Round "4.49"]
[White "De Boer, Eelke"]
[Black "Henseler, Jorgen"]
[Result "0-1"]
[WhiteElo "1933"]
[BlackElo "2110"]
[WhiteFideId "1048120"]
[BlackFideId "1023233"]
[EventDate "2014.12.21"]

1. e4 c6 2. d4 d5 3. e5 Bf5 4. h4 h5 5. Bg5 Qb6 6. Bd3 Bxd3 7. Qxd3 e6 8. Nc3 c5
9. Nf3 cxd4 10. Qxd4 Qxd4 11. Nxd4 Nc6 12. Nf3 Nge7 13. Nb5 Kd7 14. Nd6 Nd8 15.
c4 Nec6 16. cxd5 Nxe5 17. dxe6+ Kxe6 18. Nxe5 Bxd6 19. Nd3 f6 20. Bf4 Bxf4 21.
Nxf4+ Kf5 22. g3 Re8+ 23. Kf1 g6 24. Rc1 Nc6 25. Kg2 Rad8 26. Rhd1 Rxd1 27. Rxd1
Rd8 28. Rxd8 Nxd8 29. Kf3 Ne6 30. Nd5 Nd4+ 31. Ke3 Nc6 32. a3 g5 33. f3 gxh4 34.
gxh4 Ne5 35. Kf2 Nd3+ 36. Kg3 Nxb2 37. Nf4 Nc4 38. a4 Nb6 39. a5 Nc4 40. a6 b5
41. Nd3 Ke6 42. Nb4 Kd6 43. Kf4 Ne5 44. Ke4 Ng6 45. Kd4 Nxh4 46. f4 Nf5+ 47. Kc3
h4 48. Nd3 h3 49. Nf2 h2 50. Nh1 Kc5 0-1

[Event "52nd Groningen Open"]
[Site "Groningen NED"]
[Date "2014.12.24"]
[Round "4.50"]
[White "Gieben, Stijn"]
[Black "Kampman, Tijmen"]
[Result "0-1"]
[WhiteElo "2062"]
[BlackElo "2084"]
[WhiteFideId "1034170"]
[BlackFideId "1009079"]
[EventDate "2014.12.21"]

1. e4 e6 2. d4 d5 3. Nd2 Be7 4. Ngf3 Nf6 5. e5 Nfd7 6. c3 c5 7. Bd3 Nc6 8. O-O
Qb6 9. Re1 cxd4 10. cxd4 Nxd4 11. Nxd4 Qxd4 12. Nf3 Qb6 13. Rb1 Qd8 14. b4 Nb6
15. Nd4 Bd7 16. Qg4 g6 17. Bh6 Nc4 18. Qf4 Rg8 19. Nf3 g5 20. Qg4 Qc7 21. Qh5
O-O-O 22. Bxh7 Rh8 23. Qxf7 g4 24. Qxe7 gxf3 25. Bg5 fxg2 26. Rbc1 Rde8 27. Qg7
Qb6 28. Be7 Bc6 29. Bc5 Qd8 30. Bd6 a6 31. a4 Bxa4 32. Re4 Qd7 33. Qxd7+ Kxd7
34. Bg6 Nxd6 35. Bxe8+ Nxe8 36. Rg4 Rh7 37. Kxg2 Ng7 38. Rc3 Nf5 39. Rg8 Bc6 0-1

[Event "52nd Groningen Open"]
[Site "Groningen NED"]
[Date "2014.12.24"]
[Round "4.51"]
[White "Fluit, Johnny"]
[Black "Lemstra, Bart"]
[Result "1-0"]
[WhiteElo "2081"]
[BlackElo "1956"]
[WhiteFideId "1016253"]
[BlackFideId "1034430"]
[EventDate "2014.12.21"]

1. d4 e6 2. Nf3 d5 3. c4 c5 4. g3 Nc6 5. Bg2 Nf6 6. O-O Be7 7. Nc3 O-O 8. cxd5
exd5 9. Bg5 c4 10. Ne5 Be6 11. e3 h6 12. Bxf6 Bxf6 13. f4 Ne7 14. g4 b5 15. f5
Bc8 16. Qf3 Bb7 17. Nxb5 Qb6 18. a4 Rad8 19. Nxc4 dxc4 20. Qxb7 Qxb7 21. Bxb7
Rb8 22. Bf3 a6 23. Nd6 Rxb2 24. Nxc4 Rb3 25. Rab1 Rfb8 26. Rxb3 Rxb3 27. Rc1
Bxd4 28. exd4 Rxf3 29. Ne5 Ra3 30. Rc7 Rxa4 31. Rxe7 Rxd4 32. Re8+ Kh7 33. h3
Re4 34. Re7 a5 35. Nc6 Rxe7 36. Nxe7 a4 37. Nd5 a3 38. Nc3 g6 39. Kf2 gxf5 40.
gxf5 Kg7 41. Kf3 f6 42. Ke4 h5 43. h4 Kf7 44. Kd5 Ke7 45. Kc6 1-0

[Event "52nd Groningen Open"]
[Site "Groningen NED"]
[Date "2014.12.24"]
[Round "4.52"]
[White "Zuiderweg, Edwin"]
[Black "Gelip, Ioana"]
[Result "0-1"]
[WhiteElo "2010"]
[BlackElo "2151"]
[WhiteFideId "1012207"]
[BlackFideId "1202260"]
[EventDate "2014.12.21"]

1. e4 e6 2. d4 d5 3. Nc3 Nf6 4. e5 Nfd7 5. f4 c5 6. Nf3 Nc6 7. Be3 a6 8. dxc5
Nxc5 9. Nd4 Be7 10. Qd2 Nxd4 11. Bxd4 b5 12. Bd3 b4 13. Ne2 Nxd3+ 14. Qxd3 a5
15. O-O-O Ba6 16. Qe3 Qc7 17. Kb1 a4 18. f5 exf5 19. Nf4 Bb7 20. Bb6 Qc4 21. e6
O-O 22. exf7+ Rxf7 23. Nd3 b3 24. cxb3 axb3 25. Rc1 Qa6 26. axb3 d4 27. Bxd4 Bg5
28. Qe2 Bxc1 29. Rxc1 Be4 30. Rc4 Rb7 31. Kc1 Rxb3 32. Nc5 Qh6+ 33. Be3 Rxe3 0-1

[Event "52nd Groningen Open"]
[Site "Groningen NED"]
[Date "2014.12.24"]
[Round "4.53"]
[White "Dijkhuis, Sven"]
[Black "Dirksen, Marieke"]
[Result "1-0"]
[WhiteElo "2126"]
[BlackElo "2002"]
[WhiteFideId "1036556"]
[BlackFideId "1032160"]
[EventDate "2014.12.21"]

1. e4 c5 2. Nf3 d6 3. d4 cxd4 4. Nxd4 Nf6 5. Nc3 a6 6. h3 e5 7. Nb3 h5 8. a4 Be6
9. Bg5 Nbd7 10. Be2 Be7 11. O-O Rc8 12. Bf3 Qc7 13. a5 h4 14. Re1 Nh7 15. Bxe7
Kxe7 16. Nd2 Ng5 17. Nf1 Nf6 18. Ne3 Rh6 19. Bg4 Kf8 20. Bf5 g6 21. Bxe6 Nxe6
22. Qf3 Nf4 23. Ne2 Nxe2+ 24. Rxe2 Kg7 25. Rd2 Qc6 26. Nd5 Nxd5 27. Rxd5 g5 28.
c3 Qc4 29. Rad1 Rc6 30. Kh2 Rf6 31. Qe3 Kg6 32. R1d3 Qa2 33. Qd2 Re6 34. g3 f6
35. gxh4 gxh4 36. Qe2 Qb3 37. Rd1 Kf7 38. Rg1 Ke7 39. Qh5 Kd7 40. Rg7+ Re7 41.
Qf5+ Kd8 42. Qxf6 Rc7 43. Qxd6+ Ke8 44. Qd8# 1-0

[Event "52nd Groningen Open"]
[Site "Groningen NED"]
[Date "2014.12.24"]
[Round "4.54"]
[White "Patzenhauer, Max"]
[Black "Bhattacharjee, Sourav"]
[Result "0-1"]
[WhiteElo "2000"]
[BlackElo "2029"]
[WhiteFideId "24690554"]
[BlackFideId "1048090"]
[EventDate "2014.12.21"]

1. d4 Nf6 2. Nf3 g6 3. Nc3 d5 4. Bf4 c6 5. e3 Bf5 6. Nh4 Be6 7. Bd3 Bg7 8. Nf3
O-O 9. Qe2 Nbd7 10. Ng5 c5 11. Nxe6 fxe6 12. Qd2 Nh5 13. dxc5 e5 14. Bg5 Nxc5
15. O-O Nf6 16. Rad1 e6 17. Be2 Qb6 18. f3 d4 19. exd4 exd4 20. Qxd4 Nfe4 21.
Qe3 Nxg5 22. Kh1 Nf7 23. Bc4 Rad8 24. Rfe1 Rxd1 25. Rxd1 Qxb2 26. Nb5 Qe5 27.
Qf2 b6 28. Nxa7 Qf4 29. Qe2 Ne5 30. Bb3 Nxb3 31. axb3 Qf5 32. Rd6 Ra8 33. Nb5
Ra1+ 34. Rd1 Rxd1+ 35. Qxd1 Nc6 36. c4 Qe5 37. Kg1 Nd4 38. Nxd4 Qxd4+ 39. Qxd4
Bxd4+ 40. Kf1 Kf7 41. Ke2 Ke7 42. Kd3 Bg1 43. h3 Kd6 44. b4 Ke5 45. g3 Bf2 46.
c5 bxc5 47. bxc5 Bxg3 48. Ke3 Kd5 0-1

[Event "52nd Groningen Open"]
[Site "Groningen NED"]
[Date "2014.12.26"]
[Round "5.1"]
[White "Bok, Benjamin"]
[Black "Donchenko, Alexander"]
[Result "0-1"]
[WhiteTitle "GM"]
[BlackTitle "IM"]
[WhiteElo "2572"]
[BlackElo "2523"]
[WhiteFideId "1017063"]
[BlackFideId "24603295"]
[EventDate "2014.12.21"]

1. e4 c5 2. Nf3 d6 3. d4 cxd4 4. Nxd4 Nf6 5. Nc3 a6 6. Be3 e5 7. Nf3 Qc7 8. a4
Be7 9. Be2 O-O 10. O-O b6 11. Qd3 Nbd7 12. Qc4 Qd8 13. Nd5 Bb7 14. Nxf6+ Nxf6
15. Qb3 Bxe4 16. Bxb6 Qc8 17. Rfc1 Qc6 18. a5 Nd5 19. Ra4 Nf4 20. Bf1 Bd5 21.
Qa3 Rfe8 22. Rb4 Bf8 23. c4 Be4 24. Qe3 f6 25. Nd4 Nxg2 26. Nxc6 Nxe3 27. Bxe3
Bxc6 28. Rb6 Bf3 29. c5 dxc5 30. Bxa6 Reb8 31. Bc4+ Kh8 32. Rxb8 Rxb8 33. b3 Rd8
34. Bf1 Kg8 35. Bc4+ Kh8 36. Bf1 Kg8 37. a6 Kf7 38. a7 Ra8 39. Ra1 Ke6 40. Ra6+
Kd7 41. Bd3 h6 42. Kf1 Kc7 43. b4 Rd8 44. Be2 Bxe2+ 45. Kxe2 Kb7 46. Ra5 cxb4
47. Rb5+ Ka8 48. Kf3 g6 49. Ke4 h5 50. h3 Be7 51. f3 Bf8 52. Bb6 Rd7 53. Be3 Rb7
54. Rxb7 Kxb7 55. Kd3 f5 56. Kc4 Be7 57. Bf2 g5 58. Be3 f4 59. Bb6 e4 60. fxe4
g4 61. hxg4 hxg4 62. Kd3 Bf6 0-1

[Event "52nd Groningen Open"]
[Site "Groningen NED"]
[Date "2014.12.26"]
[Round "5.2"]
[White "Lobzhanidze, Davit"]
[Black "Ma, Qun"]
[Result "1/2-1/2"]
[WhiteTitle "IM"]
[BlackTitle "GM"]
[WhiteElo "2433"]
[BlackElo "2621"]
[WhiteFideId "13600796"]
[BlackFideId "8603154"]
[EventDate "2014.12.21"]

1. e4 c5 2. Nf3 d6 3. Bb5+ Bd7 4. Bxd7+ Qxd7 5. O-O Nc6 6. c3 Nf6 7. Re1 e6 8.
d4 cxd4 9. cxd4 d5 10. e5 Ne4 11. Nbd2 Nxd2 12. Bxd2 Be7 13. Rc1 O-O 14. a3 Rfc8
15. Rc3 Qd8 16. Rb3 Rab8 17. Qe2 Na5 18. Bxa5 Qxa5 19. Rd1 Rc4 20. Ne1 b5 21.
Rh3 Bf8 22. Qh5 h6 23. Rhd3 Rbc8 24. f4 g6 25. Qf3 Rc1 26. g4 b4 27. f5 bxa3 28.
fxg6 fxg6 29. bxa3 Rxd1 30. Rxd1 Qxa3 31. Nd3 Be7 32. Rf1 Rf8 33. Qd1 Qc3 34.
Rxf8+ Kxf8 35. Nc1 Qh3 36. Qf1+ Qxf1+ 37. Kxf1 a5 38. Ke2 a4 39. Kd3 Ba3 40. Kc2
Ke7 41. Na2 Kd7 42. Nc3 Kc6 43. Nxa4 Kb5 44. Kb3 Bb4 45. Nb2 g5 46. Nd3 Be7 47.
h3 Ka5 48. Nc1 Bd8 49. Nd3 Bb6 50. Kc3 Kb5 51. Nb2 Ba5+ 52. Kb3 Bb6 53. Kc3 Ba5+
54. Kb3 Bb6 55. Kc3 Ba5+ 1/2-1/2

[Event "52nd Groningen Open"]
[Site "Groningen NED"]
[Date "2014.12.26"]
[Round "5.3"]
[White "Koop, Thorben"]
[Black "L'Ami, Erwin"]
[Result "0-1"]
[WhiteTitle "FM"]
[BlackTitle "GM"]
[WhiteElo "2396"]
[BlackElo "2613"]
[WhiteFideId "24661619"]
[BlackFideId "1007998"]
[EventDate "2014.12.21"]

1. Nf3 Nf6 2. g3 g6 3. Bg2 Bg7 4. O-O O-O 5. d4 d5 6. c4 c6 7. Qa4 Nfd7 8. cxd5
cxd5 9. Nc3 Nb6 10. Qd1 Nc6 11. h3 Bf5 12. Bf4 Be4 13. Ne5 Nxe5 14. Nxe4 Nc6 15.
Nc5 Nxd4 16. Nxb7 Qc8 17. Be3 Nxe2+ 18. Qxe2 Qxb7 19. Rac1 e6 20. Qb5 Rfc8 21.
b3 Bb2 22. Rxc8+ Rxc8 23. Rb1 Bf6 24. a4 Rb8 25. Bf4 a6 26. Qe2 Rc8 27. Bf1 Nxa4
28. Qxa6 Qxa6 29. Bxa6 Nc3 30. Bxc8 Nxb1 31. Bd6 Nc3 32. Kf1 Ne4 33. Bb4 Bc3 34.
Bxc3 Nxc3 35. Ke1 Kf8 36. Kd2 Ne4+ 37. Ke3 Ke7 38. b4 Kd6 39. g4 g5 40. f3 Nc3
41. Ba6 h6 42. Bd3 e5 43. Bh7 f6 44. Bd3 Na2 0-1

[Event "52nd Groningen Open"]
[Site "Groningen NED"]
[Date "2014.12.26"]
[Round "5.4"]
[White "Rakhmanov, Aleksandr"]
[Black "Andriasian, Zaven"]
[Result "1/2-1/2"]
[WhiteTitle "GM"]
[BlackTitle "GM"]
[WhiteElo "2647"]
[BlackElo "2609"]
[WhiteFideId "4173708"]
[BlackFideId "13302000"]
[EventDate "2014.12.21"]

1. d4 Nf6 2. Nf3 c5 3. c3 g6 4. g3 b6 5. Bg2 Bb7 6. Qb3 e6 7. dxc5 Bxc5 8. c4
O-O 9. O-O d5 10. cxd5 Qxd5 11. Qxd5 Nxd5 12. Rd1 Nc6 13. Bh6 Rfd8 14. Nbd2 Bf8
15. Bxf8 Kxf8 16. a3 Rac8 17. Rac1 Na5 18. Rxc8 Rxc8 19. Nd4 Ke7 20. e3 e5 21.
Ne2 Nf6 22. Nc3 Bxg2 23. Kxg2 Nc4 24. Nxc4 Rxc4 25. Kf3 h5 26. h3 a6 27. Ke2 1/2-1/2